El moto (Registro nro. 5426)
[ vista simple ]
| 000 -Cabecera | |
|---|---|
| Campo de control de longitud fija | 00708aam a2200289 4500 |
| 005 - Fecha y hora de la última transacción | |
| Campo de control | 20251008162858.0 |
| 008 - Elementos de longitud fija--Información general | |
| Campo de control de longitud fija | 150513b2012 xxu||||| |||| 00| 0 spa d |
| 020 ## - International Standard Book Number | |
| Número Internacional Estándar del Libro (ISBN) | 9789977239156 |
| 041 ## - Idioma | |
| Código de idioma | Español |
| 082 ## - Clasificación Decimal Dewey | |
| Número de clasificación | CR 863.4 G216m2 |
| 100 ## - Entrada principal--Autor personal | |
| Nombre personal | García Monge, Joaquín |
| 245 ## - Título propiamente dicho | |
| Título | El moto |
| 250 ## - Edición | |
| Mención de edición | 2 edición |
| 260 ## - Pie de imprenta | |
| Lugar de publicación, distribución, etc. | Costa Rica |
| 260 ## - Pie de imprenta | |
| Nombre del editor, distribuidor, etc. | Editorial Costa Rica |
| 260 ## - Pie de imprenta | |
| Fecha de publicación, distribución, etc. | 2012 |
| 300 ## - Descripción física | |
| Extensión | 82 páginas |
| 490 ## - Serie | |
| Título de la Serie | Temática General |
| 650 ## - Materia general | |
| Temática (materia general) | NOVELA COSTARRICENSE |
| 650 ## - Materia general | |
| Temática (materia general) | LITERATURA COSTARRICENSE |
| 650 ## - Materia general | |
| Temática (materia general) | HUÉRFANO |
| 650 ## - Materia general | |
| Temática (materia general) | AMOR IMPOSIBLE |
| 650 ## - Materia general | |
| Temática (materia general) | CLASES SOCIALES |
| 650 ## - Materia general | |
| Temática (materia general) | POBREZA |
| 650 ## - Materia general | |
| Temática (materia general) | MATRIMONIO ARREGLADO |
| 942 ## - Punto de acceso adicional KOHA | |
| Tipo de ítem KOHA | Libro |
| Fuente del sistema de clasificación o colocación | Dewey Decimal Classification |
| Signatura completa | Código de barras | Programa Académico | Tipo de ítem |
|---|---|---|---|
| CR 863.4 G216m2 | 14417 | Temática General | Libro |
| CR 863.4 G216m2 | 16988 | Temática General | Libro |